Southville International School and Colleges
Your cart is empty.
  • Cart
  • Lists
    Public lists Eva Luna New books Lux_list list_1
    Your lists Log in to create your own lists
  • Log in to your account
  • Your cookies
  • Search history
Southville International School and Colleges
  • Advanced search
  • Recent comments
  • Most popular
  • Libraries

Log in to your account

Log in with GOOGLE


If you do not have an external account, but do have a local account, you can still log in:

  1. Home
  2. MARC view: The use of liquid and dried carabao manure on tomato plants /
Normal view MARC view ISBD view

The use of liquid and dried carabao manure on tomato plants / (Record no. 98357)

[ view plain ]
MARC details
000 -LEADER
fixed length control field 00720nam a2200205 a 4500
003 - CONTROL NUMBER IDENTIFIER
control field 0
005 - DATE AND TIME OF LATEST TRANSACTION
control field 20250226162729.0
008 - FIXED-LENGTH DATA ELEMENTS--GENERAL INFORMATION
fixed length control field 100826s19uu xx 00 eng d
050 ## - LIBRARY OF CONGRESS CALL NUMBER
Classification number PGS S 667.M3
Item number .K16 2010
100 ## - MAIN ENTRY--PERSONAL NAME
Personal name Kang, Charles.
245 ## - TITLE STATEMENT
Title The use of liquid and dried carabao manure on tomato plants /
Statement of responsibility, etc Charles Kang.
260 ## - PUBLICATION, DISTRIBUTION, ETC. (IMPRINT)
Place of publication, distribution, etc Las Piñas City, Philippines :
Name of publisher, distributor, etc Southville International School and Colleges,
Date of publication, distribution, etc 2010.
300 ## - PHYSICAL DESCRIPTION
Extent 14 pages :
Other physical details illustrations ;
Dimensions 28 cm.
504 ## - BIBLIOGRAPHY, ETC. NOTE
Bibliography, etc Includes bibliographical references.
650 ## - SUBJECT ADDED ENTRY--TOPICAL TERM
Topical term or geographic name as entry element Tomatoes
Form subdivision Fertilizer.
650 ## - SUBJECT ADDED ENTRY--TOPICAL TERM
Topical term or geographic name as entry element Manure as fertilizer.
650 ## - SUBJECT ADDED ENTRY--TOPICAL TERM
Topical term or geographic name as entry element Organic fertilizers
Form subdivision Effectiveness.
650 ## - SUBJECT ADDED ENTRY--TOPICAL TERM
Topical term or geographic name as entry element Soil amendments
Form subdivision Organic.
942 ## - ADDED ENTRY ELEMENTS (KOHA)
Source of classification or shelving scheme Library of Congress Classification
Koha item type PASS
Holdings
Withdrawn status Lost status Source of classification or shelving scheme Damaged status Home library Current library Shelving location Date acquired Source of acquisition Total Checkouts Full call number Barcode Date last seen Price effective from Koha item type
    Library of Congress Classification   Luxembourg Library Luxembourg Library Portfolio Assessment of SISC Students Section 08/26/2010 Donation   PGS S 667.M3 .K16 2010 P2456 04/08/2014 04/08/2014 PASS

The use of liquid and dried carabao manure on tomato plants /

APA

Kang C., . (2010). The use of liquid and dried carabao manure on tomato plants. Las Piñas City, Philippines: Southville International School and Colleges.

Chicago

Kang Charles, . 2010. The use of liquid and dried carabao manure on tomato plants. Las Piñas City, Philippines: Southville International School and Colleges.

Harvard

Kang C., . (2010). The use of liquid and dried carabao manure on tomato plants. Las Piñas City, Philippines: Southville International School and Colleges.

MLA

Kang Charles, . The use of liquid and dried carabao manure on tomato plants. Las Piñas City, Philippines: Southville International School and Colleges. 2010.

  • Print
  • Cite
  • Add to your cart (remove)
  • Save record
    BIBTEX Dublin Core MARCXML MARC (non-Unicode/MARC-8) MARC (Unicode/UTF-8) MARC (Unicode/UTF-8, Standard) MODS (XML) RIS
  • More searches
    Search for this title in:
    Other Libraries (WorldCat) Other Databases (Google Scholar) Online Stores (Bookfinder.com) Open Library (openlibrary.org)

Exporting to Dublin Core...

SOUTHVILLE LIBRARY

Southville International School and Colleges Library

1281 Tropical Ave. Cor. Luxembourg St., BF Homes International, Las Pinas City

Tel. No. 8256374 / 252358 Loc. 117/146

Powered by Koha